Punchline rappeurs francais #3 - Statistiques

Statistiques générales
  • Ce quiz a été pris 1 243 fois
  • Le résultat moyen est 8 sur 15
Statistiques - réponses
Punchline Rappeur % Correct
Ils m'ont dénigré c'est la putain d'vérité, gang Niska
92%
Salade, tomate et sans oignons, mets de la sauce sur les frites (bâtard) Niska
92%
T'as mal bossé, t'es mal payéc te-ma l'gamos, te-ma l'quatre-roues, si j'veux, dedans, j'la mets toute nue Koba La D
87%
On peut t'enlever la vie pour sauver nos réputations, évitons toutes les tentations, à l'heure qu'il est, j'suis dans l'avion Ninho
85%
J'ai toujours préféré l'oseille, j'ai du mal à m'confier, dans ma tête, c'est compliqué PLK
74%
Et qui va s'ramener à la fête, j'ramène les boîtes à la tess, a ce qu'il paraît, gros, j'suis buzzé, j'vais les baiser, gros, j'vais passer devant Uzi
62%
Bébé, elle donne ça bien, bébé, elle fait ça bien, j'vois la rue en 1080 full HD, les petits vont t'faire ta voiture au boitier Gambi
49%
Fais tes bagages, on maîtrise la mélodie qui voyage, finie l'époque où il fallait esquiver les pétages Soolking
41%
Le bracelet, ca coute une jambe et le prix d'une montre peut couter un bras Werenoi
40%
Bébé va rentrer tard, j'la charge en moto, en casque Mo'-Mo', mamé Alonzo
34%
Le guetteur qui crie "akha", harba au quartier, ma brunette, mets l'chapeau d'paille, j'te fais voyager Gambino
33%
Et quand j'la b*ise, j'la b*ise, j'la baise, j'fais comme aux States, j'lui bouffe la schn*k Shotas
32%
Demain c'est maintenant, il est bientot six du matin, une liasse de 50, on s'ra riche avant la fin Vegedream
31%
Ca commence par comment ca, quand tu vois les choses qu'on peut pas consomner Tiakola
30%
Poto j'consomne, ma barre se reveille pour les grosses sommes, faut qu'tu m'conseilles, j'resterai avec toi si tu me consoles Djadja et Dinaz
19%
Aucun quiz correspondant
Distribution des résultats
% des personnes avec chaque résultat
Percentile par nombre de réponses
Votre historique - résultats
Vous n’avez pas pris ce quiz